<?xml version="1.0" encoding="UTF-8"?>
<collection xmlns="http://www.loc.gov/MARC21/slim">
<record>
  <controlfield tag="001">2434785</controlfield>
  <controlfield tag="005">20200525210753.0</controlfield>
  <datafield tag="037" ind1=" " ind2=" ">
    <subfield code="a">CERN-PHOTO-9207052_X-BC00736_0001</subfield>
  </datafield>
  <datafield tag="110" ind1=" " ind2=" ">
    <subfield code="a">CERN Photolab</subfield>
  </datafield>
  <datafield tag="245" ind1=" " ind2=" ">
    <subfield code="a">Unknown caption</subfield>
  </datafield>
  <datafield tag="260" ind1=" " ind2=" ">
    <subfield code="c">1992</subfield>
  </datafield>
  <datafield tag="269" ind1=" " ind2=" ">
    <subfield code="a">Geneva</subfield>
    <subfield code="b">CERN</subfield>
    <subfield code="c">1992-07</subfield>
  </datafield>
  <datafield tag="300" ind1=" " ind2=" ">
    <subfield code="a">Photographic slides</subfield>
    <subfield code="c">24x36mm</subfield>
  </datafield>
  <datafield tag="500" ind1=" " ind2=" ">
    <subfield code="3">Box D3R1</subfield>
    <subfield code="a">Images reproduced from original 24x36mm slides - Digital Memory project</subfield>
  </datafield>
  <datafield tag="541" ind1=" " ind2=" ">
    <subfield code="e">1992-07-052_X_CERN_00736_0001</subfield>
    <subfield code="o">HDD:EHD-3015/HD1-D3</subfield>
  </datafield>
  <datafield tag="541" ind1=" " ind2=" ">
    <subfield code="e">52-07-1992_0001</subfield>
  </datafield>
  <datafield tag="595" ind1=" " ind2=" ">
    <subfield code="a">Archive Collection</subfield>
    <subfield code="s">Scanned by Picturae</subfield>
  </datafield>
  <datafield tag="596" ind1=" " ind2=" ">
    <subfield code="a">Uploaded 2020-05-22T09:05:43.651208Z</subfield>
  </datafield>
  <datafield tag="690" ind1="C" ind2=" ">
    <subfield code="a">COLOR-SLIDE</subfield>
  </datafield>
  <datafield tag="690" ind1="C" ind2=" ">
    <subfield code="a">DIGITAL-MEMORY</subfield>
  </datafield>
  <datafield tag="774" ind1=" " ind2=" ">
    <subfield code="a">ALBUM</subfield>
    <subfield code="r">2612443</subfield>
  </datafield>
  <datafield tag="856" ind1="4" ind2=" ">
    <subfield code="u">http://cern.ch/digital-memory/media-archive/image/tiff/1992/1992-07-052_X_CERN_00736_0001.tif</subfield>
    <subfield code="q">TIFF</subfield>
    <subfield code="y">TIFF Master File 1992-07-052_X_CERN_00736_0001</subfield>
    <subfield code="z">(ORIGINAL:MD5)1992-07-052_X_CERN_00736_0001.tif;d204302865bd3ecc2c14e795d8bc78c4 </subfield>
  </datafield>
  <datafield tag="856" ind1="4" ind2=" ">
    <subfield code="8">2030602</subfield>
    <subfield code="s">294655</subfield>
    <subfield code="u">http://cds.cern.ch/record/2434785/files/icon1440-1992-07-052_X_CERN_00736_0001.jpg?subformat=icon-1440</subfield>
    <subfield code="x">icon-1440</subfield>
    <subfield code="y">Image 1992-07-052_X_CERN_00736_0001</subfield>
  </datafield>
  <datafield tag="856" ind1="4" ind2=" ">
    <subfield code="8">2030603</subfield>
    <subfield code="s">24783</subfield>
    <subfield code="u">http://cds.cern.ch/record/2434785/files/icon180-1992-07-052_X_CERN_00736_0001.jpg?subformat=icon-180</subfield>
    <subfield code="x">icon-180</subfield>
    <subfield code="y">Image 1992-07-052_X_CERN_00736_0001</subfield>
  </datafield>
  <datafield tag="856" ind1="4" ind2=" ">
    <subfield code="8">2030604</subfield>
    <subfield code="s">103891</subfield>
    <subfield code="u">http://cds.cern.ch/record/2434785/files/icon640-1992-07-052_X_CERN_00736_0001.jpg?subformat=icon-640</subfield>
    <subfield code="x">icon-640</subfield>
    <subfield code="y">Image 1992-07-052_X_CERN_00736_0001</subfield>
  </datafield>
  <datafield tag="960" ind1=" " ind2=" ">
    <subfield code="a">86</subfield>
  </datafield>
  <datafield tag="963" ind1=" " ind2=" ">
    <subfield code="a">Public</subfield>
    <subfield code="b">notvisible</subfield>
  </datafield>
  <datafield tag="980" ind1=" " ind2=" ">
    <subfield code="a">PHOTOARCIMAGES</subfield>
  </datafield>
  <datafield tag="999" ind1=" " ind2=" ">
    <subfield code="a">Image</subfield>
  </datafield>
</record>
</collection>